Postacie historyczne według opisu z Wikipedii #4 - Statystyki

Ogólne statystyki
  • Ten quiz został rozwiązany 1 862 razy
  • Średni wynik to 7 z 15
Statystyki odpowiedzi
Opis Odpowiedź % Poprawnych
"Najpopularniejszymi jego obrazami są Mona Lisa i Ostatnia Wieczerza" Leonardo da Vinci
99%
"Zginął wraz z żoną i wszystkimi członkami delegacji w katastrofie lotniczej w Smoleńsku w pobliżu lotniska Smoleńsk-Siewiernyj." Lech Kaczyński
90%
"Według Ewangelii Łukasza (...) mieszkała [ona] w galilejskim mieście Nazaret razem z poślubionym jej cieślą Józefem." Maria z Nazaretu
81%
"portugalski odkrywca, który jako pierwszy dotarł drogą morską z Europy do Indii" Vasco da Gama
77%
"Większość swoich prac napisał między 1586 a 1612 rokiem. (...) Był jednym z niewielu dramaturgów, którzy z powodzeniem tworzyli zarówno komedie, jak i tragedie." William Shakespeare
71%
"Jako przywódca USA udzielił znaczącej pomocy ruchom antykomunistycznym, w tym działającej w Polsce „Solidarności”." Ronald Reagan
66%
"ur. 551 p.n.e. w Qufu, zm. 479 p.n.e. tamże (...) – chiński filozof" Konfucjusz
54%
"Na początku roku 1854 (...) przeniósł się do Gorlic (...) W tym roku w gorlickiej dzielnicy Zawodzie (...) zapłonęła pierwsza na świecie uliczna lampa naftowa." Ignacy Łukasiewicz
52%
"W 2002 w plebiscycie organizowanym przez BBC został uznany za najwybitniejszego Brytyjczyka wszech czasów." Winston Churchill
45%
"W 1885 został władcą Wolnego Państwa Konga, kolonii w środkowej Afryce (...) Prowadzona była rabunkowa gospodarka, pozyskiwany był kauczuk i kość słoniowa. Przyczyniła się ona do śmierci od kilku do kilkunastu milionów ludzi." Leopold II Koburg
33%
"Następcą tronu został brat cesarza, arcyksiążę Karol Ludwik, a po jego śmierci jego syn, arcyksiążę Franciszek Ferdynand." Franciszek Józef I
25%
"Opisywał funkcjonowanie zarówno republik, jak i królestw. W 1559 jego pisma znalazły się na kościelnym indeksie ksiąg zakazanych." Niccolò Machiavelli
17%
"Pierwszy w historii prezydent USA, który sprawował urząd przez dwie kadencje z czteroletnią przerwą między nimi" Grover Cleveland
9%
"Podczas swojego panowania kilkakrotnie rozprawiał się z rzymską opozycją Krescencjuszów, mianował na papieży Grzegorza V i Sylwestra II" Otton III
8%
"Autor m.in. napisanej po grecku Mathematike Syntaxis znanej bardziej jako Almagest" Klaudiusz Ptolemeusz
5%
Nie znaleziono quizów pasujących do podanych kryteriów
Rozkład punktacji
Procent ludzi z każdym wynikiem
Percentyl według liczby udzielonych odpowiedzi
Twoja historia wyników
Nie rozwiązałeś tego quizu